Miejsca organizacji ZIO. - Statystyki

Ogólne statystyki
  • Ten quiz został rozwiązany 26 razy
  • Średni wynik to 12 z 25
Statystyki odpowiedzi
Rok Miejsce % Poprawnych
2022 Pekin
74%
2006 Turyn
74%
2018 Pjongczang
68%
2014 Sochi
68%
1994 Lillehammer
63%
1972 Sapporo
63%
2010 Vancouver
63%
1992 Albertville
53%
1924 Chamonix
53%
2026 Mediolan
53%
1998 Nagano
53%
1952 Oslo
53%
2002 Salt Lake City
53%
1936 Garmisch-Partenkirchen
47%
1928 Sankt Moritz
47%
1948 Sankt Moritz
47%
1984 Sarajewo
47%
1988 Calgary
42%
1956 Cortina d'Ampezzo
42%
1968 Grenoble
37%
1964 Inssbruck
32%
1976 Inssbruck
32%
1960 Squaw Valley
26%
1932 Lake Placid
21%
1980 Lake Placid
21%
Nie znaleziono quizów pasujących do podanych kryteriów
Rozkład punktacji
Procent ludzi z każdym wynikiem
Percentyl według liczby udzielonych odpowiedzi
Twoja historia wyników
Nie rozwiązałeś tego quizu